| Tag |
First Indicator |
Second Indicator |
Subfields |
| LEADER |
00000cam a2200000Ia 4500 |
| 001 |
in00002575751 |
| 005 |
20210727090348.0 |
| 006 |
m d |
| 007 |
cr cn| |
| 008 |
100323s2010 enka sb 001 0 eng d |
| 020 |
|
|
|a 1848828462
|
| 020 |
|
|
|a 9781848828469
|
| 035 |
|
|
|a (OCoLC)567359132
|
| 035 |
|
|
|a (OCoLC)ocn567359132
|
| 035 |
|
|
|a 3706469
|
| 037 |
|
|
|a 978-1-84882-845-2
|b Springer
|n http://www.springerlink.com
|
| 040 |
|
|
|a GW5XE
|b eng
|c GW5XE
|d UtOrBLW
|
| 049 |
|
|
|a TXAC
|
| 050 |
|
4 |
|a TK2933.P76
|b E44 2010
|
| 082 |
0 |
4 |
|a 621.312429
|2 22
|
| 245 |
0 |
0 |
|a Electrochemical impedance spectroscopy in PEM fuel cells :
|b fundamentals and applications /
|c Xiao-Zi Yuan [and others].
|
| 264 |
|
1 |
|a London :
|b Springer,
|c [2010]
|
| 264 |
|
4 |
|c ©2010
|
| 300 |
|
|
|a xii, 420 pages :
|b illustrations
|
| 336 |
|
|
|a text
|b txt
|2 rdacontent
|
| 337 |
|
|
|a computer
|b c
|2 rdamedia
|
| 338 |
|
|
|a online resource
|b cr
|2 rdacarrier
|
| 500 |
|
|
|a Electronic resource.
|
| 504 |
|
|
|a Includes bibliographical references and index.
|
| 533 |
|
|
|a Electronic reproduction.
|b New York :
|c Springer,
|d 2010.
|n Mode of access: World Wide Web.
|n System requirements: Web browser.
|n Title from title screen (viewed on Feb. 18, 2010).
|n Access may be restricted to users at subscribing institutions.
|
| 650 |
|
0 |
|a Impedance spectroscopy.
|0 http://id.loc.gov/authorities/subjects/sh86007880
|
| 650 |
|
0 |
|a Proton exchange membrane fuel cells.
|0 http://id.loc.gov/authorities/subjects/sh2007000667
|
| 655 |
|
7 |
|a Electronic books.
|2 local
|
| 700 |
1 |
|
|a Yuan, Xiao-Zi.
|0 http://id.loc.gov/authorities/names/nb2010002518
|
| 710 |
2 |
|
|a SpringerLink (Online service)
|0 http://id.loc.gov/authorities/names/no2005046756
|
| 776 |
1 |
|
|c Original
|z 9781848828452
|z 1848828454
|z 1848828462
|z 9781848828469
|w (OCoLC)502402018
|
| 856 |
4 |
0 |
|u http://proxy.library.tamu.edu/login?url=https://dx.doi.org/10.1007/978-1-84882-846-9
|z Connect to the full text of this electronic book
|t 0
|
| 994 |
|
|
|a 92
|b TXA
|
| 999 |
|
|
|a MARS
|
| 999 |
f |
f |
|s 6fad0bd5-2f2e-348f-a4aa-7d1c673aceb3
|i ed9bf9b3-fbb8-3589-b904-9336d9c079ca
|t 0
|
| 952 |
f |
f |
|a Texas A&M University
|b College Station
|c Electronic Resources
|d Available Online
|t 0
|e TK2933.P76 E44 2010
|h Library of Congress classification
|
| 998 |
f |
f |
|a TK2933.P76 E44 2010
|t 0
|l Available Online
|